000 00596nam a2200169Ia 4500
003 SGT
020 _a9780070648227
082 _a5.133
_bBAL
100 _aBalagurusamy,E
245 _aprogramming in ANSI C
250 _a6th .4th . Ed.
260 _bTata McGraw Hill Education Private Limited
_aNew Delhi
_c2012
300 _a558p.
650 _aCOMPUTER SCIENCE
653 _aOVERVIEW OF C, CONSTANTS,VARIABLES,AND DATA TYPES, OPERATORS AND EXPRESSIONS, MANAGING INPUT AND OUTPUT OPERATIONS, DECISION MAKING AND BRANCHING, USER-DEFINED FUNCTIONS, STRUCTURES AND UNIONS
942 _2ddc
_cBK
_067
999 _c5113
_d5113